[Event "Championnat de France des Jeunes - Pupilles"]
[Site "MONTLUCON"]
[Date "2011.04.21"]
[Round "6.3"]
[White "Ginovart, Axel"]
[Black "Amghar, Ismael"]
[Result "1-0"]
[WhiteElo "1802"]
[BlackElo "1630"]
[PlyCount "53"]

1. e4 e5 2. Nf3 Nc6 3. Bb5 a6 4. Ba4 Nf6 5. O-O b5 6. Bb3 Bb7 7. Ng5 d5 8. exd5
Nd4 9. Re1 Bd6 10. Nf3 Nxb3 11. Nxe5 O-O 12. axb3 Bxd5 13. Nc3 Bb7 14. d4 Re8
15. Nd3 Qd7 16. Rxe8+ Rxe8 17. Bf4 Qc6 18. f3 Qb6 19. Ne2 Rxe2 20. Bxd6 Qxd4+
21. Kh1 Qe3 22. Bf4 Qe7 23. Bxc7 Ng4 24. Bb6 Qh4 25. Bg1 Bxf3 26. Ne1 Nxh2 27.
Bxh2 {temps.} 1-0

[Event "Championnat de France des Jeunes - Pupilles"]
[Site "MONTLUCON"]
[Date "2011.04.21"]
[Round "6.4"]
[White "Chesterkine, Vassili"]
[Black "Rey, Gaetan"]
[Result "0-1"]
[WhiteElo "1603"]
[BlackElo "1797"]
[PlyCount "60"]

1. e4 c5 2. Nf3 Nc6 3. d4 cxd4 4. Nxd4 e5 5. Nb5 a6 6. Nd6+ Bxd6 7. Qxd6 Qf6 8.
Qc7 Nge7 9. Nc3 O-O 10. Be3 b5 11. O-O-O b4 12. Nd5 Nxd5 13. Rxd5 a5 14. f3 a4
15. Bc4 Ba6 16. Bxa6 Rxa6 17. Kb1 b3 18. cxb3 axb3 19. a3 Nb4 20. Rd2 Nc2 21.
Qc3 Nxe3 22. Qxe3 Qe6 23. Rhd1 d6 24. Rd5 Rb8 25. Qd3 Rab6 26. Qe3 Qe7 27. R1d3
Qb7 28. Rxe5 Qc8 29. Red5 Qc2+ 30. Ka1 Rc8 0-1

[Event "Championnat de France des Jeunes - Pupilles"]
[Site "MONTLUCON"]
[Date "2011.04.21"]
[Round "6.5"]
[White "Poulet, Sebastien"]
[Black "Kieffer, Anatole"]
[Result "1-0"]
[WhiteElo "1628"]
[BlackElo "1712"]
[PlyCount "107"]

1. e4 e5 2. Nf3 Nc6 3. d4 exd4 4. Bc4 Bc5 5. c3 Nf6 6. e5 d5 7. Bb5 Ne4 8. cxd4
Bb4+ 9. Bd2 Nxd2 10. Bxc6+ bxc6 11. Nbxd2 O-O 12. a3 Be7 13. Qc2 Bd7 14. O-O
Rb8 15. b4 Rb6 16. Nb3 g6 17. Qc3 g5 18. Nc5 Bf5 19. Rfe1 g4 20. Nd2 h5 21. e6
Bd6 22. Nd7 fxe6 23. Nxf8 Qxf8 24. Qe3 Qf6 25. Nf1 h4 26. Qc3 Qg6 27. Ra2 Kf7
28. Rae2 Rb8 29. Qxc6 Re8 30. Qc3 Rg8 31. Rc1 Bd3 32. Rb2 h3 33. g3 Qe4 34. Ne3
Qf3 35. Qxd3 Rg5 36. Qe2 Qe4 37. Rd2 Ke8 38. Qb5+ Ke7 39. Qd3 Qf3 40. Qh7+ Kf8
41. Qh6+ Rg7 42. Qxe6 Rf7 43. Qxd5 Qf6 44. Nxg4 Qg6 45. Ne5 Bxe5 46. Qxe5 Qh6
47. Rdc2 Re7 48. Qf4+ Qxf4 49. gxf4 Rg7+ 50. Kf1 Rg2 51. f3 Rg6 52. Rxc7 Rf6
53. Rxa7 Rxf4 54. Rc8# 1-0

[Event "Championnat de France des Jeunes - Pupilles"]
[Site "MONTLUCON"]
[Date "2011.04.21"]
[Round "6.6"]
[White "Apap, Hugo"]
[Black "Lutard, Theo"]
[Result "0-1"]
[WhiteElo "1504"]
[BlackElo "1665"]
[PlyCount "96"]

1. d4 d5 2. Bf4 Nf6 3. e3 e6 4. Nf3 c5 5. c3 Nc6 6. Nbd2 Be7 7. h3 a6 8. Be2 h6
9. O-O O-O 10. Ne5 Nd7 11. Nxc6 bxc6 12. Qc2 cxd4 13. cxd4 Qb6 14. a3 a5 15.
Rfc1 Bb7 16. Nb3 Rfc8 17. Nc5 Bxc5 18. dxc5 Qd8 19. Qc3 Qf6 20. Qxf6 Nxf6 21.
b4 Ba6 22. b5 cxb5 23. Rab1 b4 24. Bxa6 Rxa6 25. axb4 axb4 26. Rxb4 Rac6 27.
Rb8 Rxb8 28. Bxb8 Ne4 29. Ba7 Nd6 30. cxd6 Rxc1+ 31. Kh2 Kf8 32. Kg3 Ke8 33.
Bb8 Kd7 34. Kf3 Rc8 35. Bc7 Rxc7 36. dxc7 Kxc7 37. Ke2 e5 38. Kd3 Kd6 39. e4
Kc5 40. exd5 Kxd5 41. Ke3 f5 42. h4 g6 43. g3 h5 44. Kd3 Kc5 45. f3 Kd5 46. Kc3
e4 47. Kd2 Kd4 48. f4 e3+ 0-1

[Event "Championnat de France des Jeunes - Pupilles"]
[Site "MONTLUCON"]
[Date "2011.04.21"]
[Round "6.7"]
[White "Paternoster, Thibaud"]
[Black "Swerdlin, Ryan"]
[Result "0-1"]
[WhiteElo "1653"]
[BlackElo "1099"]
[PlyCount "54"]

1. e4 c6 2. c4 d5 3. exd5 cxd5 4. d4 e6 5. Nc3 Nf6 6. Nf3 Nc6 7. cxd5 exd5 8.
Bb5 Bg4 9. O-O Be7 10. Bg5 O-O 11. Re1 Bxf3 12. gxf3 Re8 13. a3 a6 14. Ba4 Qd6
15. Bc2 h6 16. Be3 Na5 17. Kh1 Nc4 18. Rg1 Kh8 19. Rb1 Qe6 20. Qc1 Nh5 21. Rg2
Rad8 22. Bd1 Bf8 23. f4 Nf6 24. Rg3 Rd6 25. b3 Nb6 26. Qd2 Ne4 27. Qd3 Nxc3 0-1

[Event "Championnat de France des Jeunes - Pupilles"]
[Site "MONTLUCON"]
[Date "2011.04.21"]
[Round "6.8"]
[White "Besse, Vincent"]
[Black "Mohammad, Fahim"]
[Result "0-1"]
[WhiteElo "1624"]
[BlackElo "1853"]
[PlyCount "30"]

1. d4 d5 2. Nf3 c5 3. c3 Nf6 4. Bg5 e6 5. e3 Be7 6. Be2 O-O 7. O-O Nbd7 8. Nbd2
b6 9. Re1 Bb7 10. Bd3 Ne4 11. Bxe7 Qxe7 12. Qc2 f5 13. c4 Rac8 14. Qb3 g5 15.
cxd5 exd5 0-1

[Event "Championnat de France des Jeunes - Pupilles"]
[Site "MONTLUCON"]
[Date "2011.04.21"]
[Round "6.9"]
[White "Roque, Gaetan"]
[Black "Fort, Armand"]
[Result "1-0"]
[WhiteElo "1583"]
[BlackElo "1750"]
[PlyCount "39"]

1. d4 Nf6 2. c4 c5 3. e3 e6 4. Nf3 d5 5. Nc3 Nc6 6. b3 Be7 7. Bd3 O-O 8. O-O a6
9. Bb2 b6 10. Ne5 Bb7 11. cxd5 Nxd5 12. Nxd5 exd5 13. Nxc6 Bxc6 14. dxc5 bxc5
15. Bxg7 Kxg7 16. Qg4+ Kh8 17. Qf5 Kg7 18. Qxh7+ Kf6 19. Qh6+ Ke5 20. f4# 1-0

[Event "Championnat de France des Jeunes - Pupilles"]
[Site "MONTLUCON"]
[Date "2011.04.21"]
[Round "6.10"]
[White "Legrand, Antoine"]
[Black "Aghamir Alrobiai, Nizar"]
[Result "0-1"]
[WhiteElo "1603"]
[BlackElo "1720"]
[PlyCount "60"]

1. e4 e6 2. d4 d5 3. exd5 exd5 4. Nf3 Bg4 5. Be2 Nf6 6. O-O Be7 7. Nc3 O-O 8.
Bf4 Nbd7 9. Nb5 c6 10. Nc3 Qb6 11. a3 Bxf3 12. Bxf3 Qxb2 13. Na4 Qb5 14. c3 Qa5
15. Rb1 b5 16. Re1 Rfe8 17. Nb2 Bf8 18. a4 Rxe1+ 19. Qxe1 Re8 20. Qd2 bxa4 21.
Ra1 a3 22. Nd3 Ne4 23. Bxe4 Rxe4 24. f3 Re6 25. Nb4 Qb5 26. Rxa3 a5 27. Qb2
axb4 28. cxb4 Be7 29. Rb3 Re1+ 30. Kf2 Bh4+ 0-1

[Event "Championnat de France des Jeunes - Pupilles"]
[Site "MONTLUCON"]
[Date "2011.04.22"]
[Round "7.1"]
[White "Swerdlin, Ryan"]
[Black "Maulana, Kahfi"]
[Result "0-1"]
[WhiteElo "1099"]
[BlackElo "1907"]
[Annotator ""]

1. d4 Nf6 2. e3 d6 3. Nf3 g6 4. Be2 Bg7 5. O-O O-O 6. b3 Nbd7 7. Bb2 Re8 8. c4
c6 9. Nc3 e5 10. dxe5 dxe5 11. Qc2 e4 12. Nd2 Qe7 13. Rab1 h5 14. Ba1 a5 15.
Qb2 Ne5 16. a3 Bf5 17. b4 Nfg4 18. h3 Qh4 19. hxg4 hxg4 20. Qc1 Nf3+ 21. Bxf3
gxf3 22. Nxf3 exf3 23. gxf3 Bxb1 24. Qxb1 Re5 25. Rd1 Rg5+ 26. Kf1 Qxc4+ 27.
Ne2 Bxa1 28. Qxa1 axb4 29. Qf6 Rd5 30. Rc1 Qb5 31. Kg2 Rf5 32. Qa1 Qxe2 33. f4
Qg4+ 34. Kf1 Rh5 0-1

[Event "Championnat de France des Jeunes - Pupilles"]
[Site "MONTLUCON"]
[Date "2011.04.22"]
[Round "7.2"]
[White "Meunier, Clement"]
[Black "Poulet, Sebastien"]
[Result "1-0"]
[WhiteElo "1846"]
[BlackElo "1628"]
[PlyCount "53"]

1. e4 c5 2. Nf3 e6 3. d4 cxd4 4. Nxd4 Nf6 5. Nc3 d6 6. Be3 Be7 7. Bc4 O-O 8.
Qe2 a6 9. Bb3 b5 10. a3 Qc7 11. g4 Nc6 12. g5 Nxd4 13. Bxd4 Nd7 14. h4 Ne5 15.
Rg1 Nc4 16. h5 Bb7 17. g6 fxg6 18. hxg6 h6 19. a4 d5 20. Qg4 Qc6 21. exd5 exd5
22. O-O-O Bg5+ 23. Kb1 Nd2+ 24. Rxd2 Bxd2 25. Bxd5+ Qxd5 26. Nxd5 Bxd5 27. Qd7
1-0

[Event "Championnat de France des Jeunes - Pupilles"]
[Site "MONTLUCON"]
[Date "2011.04.22"]
[Round "7.3"]
[White "Lutard, Theo"]
[Black "Ginovart, Axel"]
[Result "1/2-1/2"]
[WhiteElo "1665"]
[BlackElo "1802"]
[PlyCount "153"]

1. e4 c5 2. Nf3 a6 3. c3 e6 4. d4 d5 5. Bd3 Bd7 6. exd5 exd5 7. O-O Nf6 8. Re1+
Be7 9. dxc5 O-O 10. Nbd2 Bxc5 11. Nb3 Bd6 12. Bg5 h6 13. Bh4 Nc6 14. Nbd4 Re8
15. Rxe8+ Bxe8 16. Qd2 Nxd4 17. Nxd4 Bf8 18. Bc2 Qb6 19. Bxf6 Qxf6 20. Bb3 Bc6
21. Rd1 Rc8 22. Nf3 Rd8 23. Qd4 Qxd4 24. Nxd4 Re8 25. Kf1 Bc5 26. a3 Bxd4 27.
Rxd4 Bb5+ 28. c4 dxc4 29. Bxc4 Bxc4+ 30. Rxc4 Re7 31. Rc2 g5 32. g4 Kg7 33. Kg2
Kg6 34. Rd2 Re6 35. Kg3 Rb6 36. h3 Rb3+ 37. Kg2 b5 38. Rd6+ f6 39. Rxa6 Rxb2
40. Rb6 Rb3 41. f3 h5 42. Kg3 h4+ 43. Kg2 Kf7 44. Ra6 Rb2+ 45. Kg1 Ra2 46. Ra5
Ke6 47. Rxb5 Rxa3 48. Kg2 Ra2+ 49. Kg1 Rd2 50. Ra5 Re2 51. Rb5 Re5 52. Rb6+ Kf7
53. Rb7+ Kg6 54. Rb6 Re1+ 55. Kf2 Rh1 56. Kg2 Rd1 57. Kf2 Rd2+ 58. Kg1 Kf7 59.
Ra6 Ke7 60. Rb6 Rd5 61. Kg2 f5 62. gxf5 Rxf5 63. Kf2 Re5 64. Rg6 Kf7 65. Rb6
Rc5 66. Ra6 Rc2+ 67. Kg1 Re2 68. Ra4 Kf6 69. f4 Re3 70. fxg5+ Kxg5 71. Rg4+ Kh5
72. Kg2 Re2+ 73. Kg1 Re5 74. Kg2 Re1 75. Kf2 Rd1 76. Kg2 Rd5 77. Kh2 1/2-1/2

[Event "Championnat de France des Jeunes - Pupilles"]
[Site "MONTLUCON"]
[Date "2011.04.22"]
[Round "7.4"]
[White "Rey, Gaetan"]
[Black "Flick, Antoine"]
[Result "0-1"]
[WhiteElo "1797"]
[BlackElo "1649"]
[PlyCount "90"]

1. e4 e6 2. d4 d5 3. exd5 exd5 4. Nf3 Bd6 5. c4 Nf6 6. Nc3 c6 7. cxd5 Nxd5 8.
Nxd5 cxd5 9. Bd3 Nc6 10. O-O h6 11. Re1+ Be6 12. Bc2 a6 13. Ne5 Bxe5 14. dxe5
Rc8 15. f4 Qb6+ 16. Kh1 Qd4 17. Qf3 O-O 18. Qg3 Ne7 19. Bd3 Nf5 20. Bxf5 Bxf5
21. Qe3 Qb4 22. a3 Qc4 23. Bd2 Qb5 24. Bc3 Rc4 25. Qf2 Rd8 26. Rad1 Rd7 27. h3
Qc6 28. Kh2 h5 29. Rd4 Qb6 30. Red1 g6 31. Qh4 Qc6 32. Rg1 Qb6 33. Rgd1 Qe6 34.
R4d2 b5 35. Qf2 Be4 36. Rg1 Bf5 37. Bd4 Rdc7 38. Bb6 R7c6 39. Bd8 Rc2 40. Rgd1
Be4 41. Qh4 Qf5 42. g3 Bf3 43. Qe7 Re6 44. g4 Rxd2+ 45. Rxd2 Qxf4+ 0-1

[Event "Championnat de France des Jeunes - Pupilles"]
[Site "MONTLUCON"]
[Date "2011.04.22"]
[Round "7.5"]
[White "Mohammad, Fahim"]
[Black "Roque, Gaetan"]
[Result "0-1"]
[WhiteElo "1853"]
[BlackElo "1583"]
[PlyCount "146"]

1. d4 d5 2. c4 c6 3. Nf3 Nf6 4. e3 g6 5. Nc3 Bg7 6. Be2 O-O 7. O-O dxc4 8. Bxc4
Bg4 9. Be2 Bxf3 10. Bxf3 Nbd7 11. e4 e5 12. d5 cxd5 13. Nxd5 Nc5 14. Bg5 Ne6
15. Bh4 g5 16. Bg3 Nxd5 17. exd5 Nd4 18. Re1 e4 19. Be2 Qxd5 20. h4 Rfd8 21.
Rc1 Rac8 22. Bc7 Rd7 23. Bg3 Rxc1 24. Qxc1 Nxe2+ 25. Rxe2 Qd1+ 26. Qxd1 Rxd1+
27. Kh2 gxh4 28. Bxh4 Be5+ 29. Bg3 Bxg3+ 30. Kxg3 f5 31. Kf4 Rd5 32. Rc2 Rb5
33. a4 Ra5 34. Rc8+ Kg7 35. Rc7+ Kg6 36. Rxb7 Rxa4 37. Rb5 Ra2 38. g4 fxg4 39.
Kxg4 h5+ 40. Kh4 Ra4 41. Rg5+ Kf6 42. Kxh5 Rb4 43. Rg2 Kf5 44. Kh4 Rxb2 45. Rg8
Rb4 46. Kg3 Rb3+ 47. Kg2 Ke5 48. Ra8 Rb7 49. Kf1 Rf7 50. Ke2 Kf4 51. Re8 a5 52.
Ra8 Rf5 53. Ra6 Rb5 54. Ra8 Rb2+ 55. Kf1 Rb1+ 56. Ke2 Rb2+ 57. Kf1 Rb5 58. Ke2
Ke5 59. Ke3 Rb3+ 60. Ke2 Ra3 61. Re8+ Kd4 62. Rd8+ Kc3 63. Ke3 Ra4 64. f3 exf3
65. Kxf3 Rd4 66. Ra8 a4 67. Ke3 Rb4 68. Rc8+ Kb2 69. Kd3 a3 70. Rc2+ Kb1 71.
Rh2 a2 72. Rh1+ Kb2 73. Rh2+ Ka3 0-1

[Event "Championnat de France des Jeunes - Pupilles"]
[Site "MONTLUCON"]
[Date "2011.04.22"]
[Round "7.6"]
[White "Aghamir Alrobiai, Nizar"]
[Black "Viveganantha, Vincent"]
[Result "1-0"]
[WhiteElo "1720"]
[BlackElo "1640"]
[PlyCount "81"]

1. e4 e5 2. Nf3 Nc6 3. Bb5 a6 4. Ba4 Nf6 5. O-O b5 6. Bb3 Be7 7. Re1 O-O 8. c3
d6 9. h3 h5 10. d4 Nh7 11. a4 Bb7 12. Be3 bxa4 13. Bxa4 f6 14. Qb3+ Kh8 15.
Qxb7 Na7 16. dxe5 Nb5 17. Bxb5 axb5 18. Rxa8 Qxa8 19. Qxa8 Rxa8 20. exf6 Bxf6
21. Bd4 Ng5 22. Bxf6 Nxf3+ 23. gxf3 gxf6 24. Na3 Rb8 25. b4 Kg7 26. Kg2 Kg6 27.
Kg3 Kg5 28. h4+ Kg6 29. Kf4 c6 30. Rg1+ Kf7 31. Kf5 Re8 32. f4 Ra8 33. Ra1 Rg8
34. Nc2 Rg2 35. Ra7+ Kg8 36. Ra8+ Kh7 37. Nd4 Rxf2 38. Nxc6 Rh2 39. Ra7+ Kh6
40. Ne7 Rg2 41. Kxf6 1-0

[Event "Championnat de France des Jeunes - Pupilles"]
[Site "MONTLUCON"]
[Date "2011.04.22"]
[Round "7.7"]
[White "Eugene, Floryan"]
[Black "Dietrich, Thomas"]
[Result "1-0"]
[WhiteElo "1689"]
[BlackElo "1660"]
[PlyCount "189"]

1. e4 e6 2. d4 d5 3. Nc3 Nf6 4. e5 Nfd7 5. f4 c5 6. Nf3 Nc6 7. Be3 a6 8. Be2 b5
9. Qd2 Rb8 10. O-O Bb7 11. Rae1 Qb6 12. Kh1 cxd4 13. Bxd4 Nxd4 14. Nxd4 Bc5 15.
Nb3 Be3 16. Qd3 Bf2 17. Rd1 Nc5 18. Nxc5 Bxc5 19. f5 O-O 20. Qh3 d4 21. Bd3
exf5 22. Bxf5 g6 23. Ne4 Bxe4 24. Bxe4 Rbe8 25. Rf6 Re6 26. Rdf1 b4 27. Qh6 Qb5
28. Bd3 Qb7 29. Bc4 Rxe5 30. Rxf7 Rxf7 31. Rxf7 Qxf7 32. Bxf7+ Kxf7 33. Qxh7+
Kf6 34. Qh4+ g5 35. Qh6+ Kf7 36. Qh5+ Ke7 37. h4 Bd6 38. Qh7+ Ke6 39. Qg8+ Ke7
40. g4 gxh4 41. Qh7+ Ke6 42. Qh6+ Kd7 43. Qxh4 Be7 44. Qf2 Rd5 45. Qe2 a5 46.
Qf3 Kd6 47. Kg1 Kc5 48. a3 Kc6 49. axb4 axb4 50. c4 bxc3 51. bxc3 dxc3 52.
Qxc3+ Kd6 53. Kg2 Kd7 54. Kf3 Ke6 55. Ke4 Rd6 56. Qc4+ Kf6 57. Qc3+ Kf7 58.
Qc4+ Kg7 59. Ke5 Kf8 60. g5 Rg6 61. Qc8+ Kf7 62. Qc4+ Kf8 63. Qf4+ Kg7 64. Kf5
Rxg5+ 65. Ke6 Bd8 66. Qf7+ Kh6 67. Qf8+ Kg6 68. Qxd8 Kh5 69. Qd1+ Kh6 70. Qh1+
Rh5 71. Qc1+ Kg6 72. Qg1+ Rg5 73. Qf1 Kh5 74. Kf6 Rg3 75. Qd1+ Kh4 76. Kf5 Rg2
77. Qe1+ Kh3 78. Kf4 Rf2+ 79. Kg5 Kg3 80. Qe3+ Kg2 81. Kg4 Kh1 82. Kg3 Rg2+ 83.
Kf4 Rf2+ 84. Ke4 Kg1 85. Qh3 Re2+ 86. Kd3 Rf2 87. Qh4 Kg2 88. Ke3 Rf3+ 89. Ke2
Rh3 90. Qe4+ Kg3 91. Ke3 Rh2 92. Qg6+ Kh4 93. Kf3 Rh3+ 94. Kf4 Rf3+ 95. Kxf3
1-0

[Event "Championnat de France des Jeunes - Pupilles"]
[Site "MONTLUCON"]
[Date "2011.04.22"]
[Round "7.8"]
[White "Mathis, Daniel"]
[Black "Bianchi, Tobias"]
[Result "0-1"]
[WhiteElo "1870"]
[BlackElo "1631"]
[PlyCount "104"]
[EventDate "2011.??.??"]

1. c4 e6 2. g3 d5 3. Bg2 c5 4. cxd5 exd5 5. d4 Nf6 6. Nf3 Nc6 7. Nc3 Be7 8. O-O
O-O 9. e3 Re8 10. a3 c4 11. Ne5 Na5 12. Qa4 Nb3 13. Rb1 a6 14. Nxd5 Bf5 15.
Nxe7+ Qxe7 16. Qxc4 Bxb1 17. Qxb3 Be4 18. Bh3 Bd5 19. Qb6 Rad8 20. Bd2 Rd6 21.
Qa5 Qd8 22. Qxd8 Rdxd8 23. Rc1 Be6 24. Bxe6 fxe6 25. Rc7 b5 26. Nc6 Rd7 27.
Rxd7 Nxd7 28. Bb4 Kf7 29. e4 Rc8 30. Na5 Nb6 31. Nb7 Rc4 32. Kg2 Rc1 33. Nd6+
Kf6 34. e5+ Kg6 35. Bc3 Na4 36. Ne4 Nxc3 37. bxc3 Ra1 38. Nc5 Rxa3 39. Nxe6
Rxc3 40. d5 Kf7 41. Ng5+ Ke7 42. d6+ Kd7 43. Nxh7 Rc8 44. Ng5 b4 45. f4 b3 46.
Ne4 b2 47. f5 b1=Q 48. e6+ Kc6 49. Ng5 Qxf5 50. d7 Rd8 51. Nf7 Rxd7 52. exd7
Kxd7 0-1

[Event "Championnat de France des Jeunes - Pupilles"]
[Site "MONTLUCON"]
[Date "2011.04.22"]
[Round "7.9"]
[White "O'Sullivan, Thomas"]
[Black "Chesterkine, Vassili"]
[Result "0-1"]
[WhiteElo "1814"]
[BlackElo "1603"]
[PlyCount "72"]
[EventDate "2011.??.??"]

1. d4 Nf6 2. c4 c5 3. d5 b5 4. cxb5 a6 5. b6 d6 6. Nc3 Nbd7 7. a4 a5 8. e4 g6
9. Nf3 Bg7 10. Bd3 O-O 11. h3 Qxb6 12. O-O Ba6 13. Bb5 Bxb5 14. axb5 Ne8 15.
Qa4 Nc7 16. Bd2 Rfb8 17. Qc2 Nxb5 18. g4 Nxc3 19. bxc3 Qb3 20. Qd3 Qb5 21. Qe3
Qc4 22. g5 a4 23. h4 a3 24. h5 a2 25. hxg6 fxg6 26. Qf4 Qxf1+ 27. Rxf1 Rb1 28.
Qg4 Rxf1+ 29. Kxf1 a1=Q+ 30. Be1 Nf8 31. Kg2 Bxc3 32. Bxc3 Qxc3 33. Nh4 Qg7 34.
f4 c4 35. f5 Ra2+ 36. Kg3 Qe5+ 0-1

[Event "Championnat de France des Jeunes - Pupilles"]
[Site "MONTLUCON"]
[Date "2011.04.22"]
[Round "7.10"]
[White "Pigeat, Alexandre"]
[Black "De Lussac, Rainier"]
[Result "0-1"]
[WhiteElo "1741"]
[BlackElo "1619"]
[Annotator ""]

1. e4 c5 2. Nf3 e6 3. d4 cxd4 4. Nxd4 Nc6 5. Nc3 Qc7 6. Be3 Nf6 7. f3 a6 8. Be2
Be7 9. Qd2 b5 10. a3 d6 11. O-O O-O 12. f4 Bb7 13. Nxc6 Bxc6 14. Bf3 Rac8 15.
Rac1 Rfd8 16. Qf2 Qb7 17. e5 Bxf3 18. exf6 Bxf6 19. Qxf3 d5 20. Rfd1 Qe7 21.
Bd4 Rc4 22. Ne2 Re8 23. Bxf6 Qxf6 24. c3 Qe7 25. Rd4 Qa7 26. Rcd1 f6 27. Kh1
Rc7 28. f5 Qb6 29. h3 Ree7 30. Nf4 e5 31. Nxd5 0-1

[Event "Championnat de France des Jeunes - Pupilles"]
[Site "MONTLUCON"]
[Date "2011.04.23"]
[Round "8.1"]
[White "Maulana, Kahfi"]
[Black "Flick, Antoine"]
[Result "1-0"]
[WhiteElo "1907"]
[BlackElo "1649"]
[Annotator ""]

1. e4 e6 2. d3 d5 3. Nd2 Nf6 4. Ngf3 b6 5. g3 dxe4 6. dxe4 Bb7 7. e5 Nfd7 8.
Nb3 Nc6 9. Bb5 Ndxe5 10. Nxe5 Qxd1+ 11. Kxd1 O-O-O+ 12. Nd3 Nd4 13. Nxd4 Bxh1
14. Nc6 Rd5 15. Ba6+ Kd7 16. Nce5+ Ke7 17. c4 Rd6 18. Ke2 f6 19. f3 g5 20. Be3
Rg8 21. Rxh1 fxe5 22. c5 bxc5 23. Bxc5 Bg7 24. Bxd6+ cxd6 25. Rc1 Kd7 26. Bb5+
Kd8 27. Nb4 Ke7 28. Nc6+ Kf6 29. Nxa7 d5 30. Nc6 Rc8 31. a4 Bh6 32. g4 Bf8 33.
a5 Bd6 34. a6 Bb8 35. Ra1 Rxc6 36. Bxc6 Ba7 37. b4 h6 38. b5 d4 39. Kd3 Kg6 40.
Be4+ Kf6 41. Rc1 Bb6 42. Rc6 Ba7 43. Bf5 e4+ 44. fxe4 h5 45. Rxe6+ Kf7 46. b6
Bxb6 47. Rxb6 Kg7 48. a7 1-0

[Event "Championnat de France des Jeunes - Pupilles"]
[Site "MONTLUCON"]
[Date "2011.04.23"]
[Round "8.2"]
[White "Aghamir Alrobiai, Nizar"]
[Black "Meunier, Clement"]
[Result "0-1"]
[WhiteElo "1720"]
[BlackElo "1846"]
[PlyCount "92"]

1. e4 e5 2. Bc4 Nc6 3. Nf3 Bc5 4. Nc3 Nf6 5. d3 h6 6. h3 d6 7. Bd2 O-O 8. Qe2
Bd7 9. g4 Nxg4 10. Be3 Nxe3 11. fxe3 a6 12. O-O-O Na5 13. Nd2 Qg5 14. Rde1 Nxc4
15. dxc4 b5 16. Nf3 Qh5 17. Reg1 Kh8 18. Nd5 c6 19. Qg2 Rg8 20. Ne7 Bxe3+ 21.
Kb1 Bxg1 22. Rxg1 Qxh3 23. Qxh3 Bxh3 24. Nxg8 Rxg8 25. cxb5 axb5 26. Rg3 Be6
27. Rg2 g5 28. Rh2 Kh7 29. b3 g4 30. Nd2 g3 31. Rg2 h5 32. Nf3 Rg4 33. Kc1 h4
34. Nxh4 Rxh4 35. Rxg3 Rxe4 36. Rd3 d5 37. Kd2 f5 38. Rh3+ Kg6 39. Rh2 Rg4 40.
Re2 e4 41. Ke3 f4+ 42. Kd4 f3 43. Rf2 Rg2 44. Ke3 d4+ 45. Kxe4 Rxf2 46. Kxd4
Rxc2 0-1

[Event "Championnat de France des Jeunes - Pupilles"]
[Site "MONTLUCON"]
[Date "2011.04.23"]
[Round "8.3"]
[White "Ginovart, Axel"]
[Black "Roque, Gaetan"]
[Result "1/2-1/2"]
[WhiteElo "1802"]
[BlackElo "1583"]
[PlyCount "111"]

1. e4 c6 2. d4 d5 3. Nc3 b5 4. a3 dxe4 5. Nxe4 Nf6 6. Nxf6+ exf6 7. Ne2 Bd6 8.
Ng3 O-O 9. Be2 Be6 10. O-O Nd7 11. Bf3 Qc7 12. Re1 Nb6 13. b3 Bxg3 14. hxg3 Nd5
15. Qd3 Rac8 16. Bb2 b4 17. axb4 Nxb4 18. Qd2 c5 19. dxc5 Qxc5 20. Ba3 a5 21.
Rec1 Rfd8 22. Qf4 Qc3 23. Bxb4 Qxb4 24. Qe3 Qd2 25. Qxd2 Rxd2 26. Be4 g6 27.
Bd3 Bxb3 28. cxb3 Rxc1+ 29. Rxc1 Rxd3 30. Rb1 Kf8 31. Kf1 Ke7 32. Ke2 Rd5 33.
g4 Rd4 34. Re1 Re4+ 35. Kd2 Rxe1 36. Kxe1 Kd6 37. Kd2 Kc5 38. Kc3 h6 39. g3 f5
40. gxf5 gxf5 41. f3 h5 42. f4 f6 43. Kc2 Kd4 44. Kd2 Ke4 45. Ke2 h4 46. gxh4
Kxf4 47. Kf2 Kg4 48. Ke3 Kxh4 49. Kf4 Kh3 50. Kxf5 Kg3 51. Kxf6 Kf4 52. Ke6 Ke4
53. Kd6 Kd4 54. Kc6 Kc3 55. Kb5 Kxb3 56. Kxa5 1/2-1/2

[Event "Championnat de France des Jeunes - Pupilles"]
[Site "MONTLUCON"]
[Date "2011.04.23"]
[Round "8.4"]
[White "Lutard, Theo"]
[Black "Eugene, Floryan"]
[Result "0-1"]
[WhiteElo "1665"]
[BlackElo "1689"]
[PlyCount "66"]

1. e4 e5 2. Nf3 Nc6 3. Bc4 Bc5 4. d3 Nf6 5. Nc3 d6 6. Be3 Bb6 7. h3 O-O 8. O-O
Ne7 9. d4 Ng6 10. Qd2 h6 11. Rad1 Be6 12. Bxe6 fxe6 13. dxe5 Nxe5 14. Nxe5 dxe5
15. Qxd8 Raxd8 16. Bxb6 axb6 17. f3 Rd4 18. Rxd4 exd4 19. Ne2 c5 20. e5 Nd5 21.
Rd1 Rf5 22. f4 Ne3 23. Rc1 Rf8 24. Kf2 Nc4 25. b3 Nxe5 26. Rd1 Nc6 27. c3 e5
28. Kg1 dxc3 29. Rc1 Nd4 30. Nxd4 cxd4 31. fxe5 Re8 32. Rd1 c2 33. Rc1 d3 0-1

[Event "Championnat de France des Jeunes - Pupilles"]
[Site "MONTLUCON"]
[Date "2011.04.23"]
[Round "8.5"]
[White "Grolleau, Matteo"]
[Black "Rey, Gaetan"]
[Result "0-1"]
[WhiteElo "1550"]
[BlackElo "1797"]
[PlyCount "80"]

1. e4 e5 2. Nf3 Nc6 3. Bb5 a6 4. Ba4 Nf6 5. O-O b5 6. Bb3 Bc5 7. d3 d6 8. h3 h6
9. Nc3 O-O 10. Be3 Ba7 11. Nd5 Nxd5 12. Bxd5 Bb7 13. Bd2 Rb8 14. Nh2 Ne7 15.
Bb3 Kh7 16. Kh1 f5 17. f3 Qe8 18. Qe2 f4 19. Be1 Qh5 20. Bf2 Bxf2 21. Qxf2 Ng6
22. Rad1 Qg5 23. d4 Rbd8 24. dxe5 dxe5 25. c3 h5 26. Rxd8 Rxd8 27. Rg1 Nh4 28.
Nf1 Rd6 29. g3 fxg3 30. Nxg3 Qh6 31. Ne2 Qf6 32. Rg3 Bxe4 33. Ng1 Kh8 34. Qe1
Bxf3+ 35. Nxf3 Nxf3 36. Qe3 Nd2 37. Qg5 Qf1+ 38. Rg1 Qf3+ 39. Rg2 Qf1+ 40. Rg1
Qxh3# 0-1

[Event "Championnat de France des Jeunes - Pupilles"]
[Site "MONTLUCON"]
[Date "2011.04.23"]
[Round "8.6"]
[White "Poulet, Sebastien"]
[Black "Pigeat, Alexandre"]
[Result "1-0"]
[WhiteElo "1628"]
[BlackElo "1741"]
[PlyCount "103"]

1. e4 e6 2. d4 d5 3. Nc3 Nf6 4. e5 Nfd7 5. Nce2 c5 6. c3 Nc6 7. f4 cxd4 8. cxd4
Bb4+ 9. Bd2 Bxd2+ 10. Qxd2 Nb6 11. Nc3 Na5 12. b3 a6 13. Nf3 Bd7 14. h4 Nc6 15.
Rh3 Ne7 16. h5 Ng8 17. g4 Nh6 18. g5 Nf5 19. Nh4 Nxh4 20. Rxh4 O-O 21. Bd3 Qe7
22. Rh3 Rfc8 23. Kf2 Bc6 24. Rg1 Nd7 25. Rhg3 g6 26. Rh1 Kg7 27. Rgh3 Rh8 28.
Ke3 Rag8 29. Qh2 Qd8 30. h6+ Kf8 31. Qb2 Ke8 32. Rc1 Nb6 33. Nd1 Kd7 34. Nf2
Qe7 35. Ng4 Rc8 36. Rh2 Kd8 37. Rhc2 Bd7 38. Rc3 Qb4 39. Rxc8+ Nxc8 40. Qc2 Ke7
41. Qc5+ Qxc5 42. Rxc5 Kd8 43. Kd2 Na7 44. Nf6 Bc6 45. a4 Kc7 46. Kc1 b6 47.
Rc3 b5 48. axb5 axb5 49. b4 Kb6 50. Kb2 Bb7 51. Nd7+ Ka6 52. Ra3# 1-0

[Event "Championnat de France des Jeunes - Pupilles"]
[Site "MONTLUCON"]
[Date "2011.04.25"]
[Round "8.7"]
[White "Bianchi, Tobias"]
[Black "Kieffer, Anatole"]
[Result "1-0"]
[WhiteElo "1631"]
[BlackElo "1712"]
[PlyCount "115"]

1. d4 Nf6 2. c4 g6 3. Nc3 Bg7 4. e4 d6 5. Nf3 O-O 6. Be2 e5 7. O-O Nc6 8. d5
Ne7 9. Ne1 Nd7 10. Be3 f5 11. f3 f4 12. Bf2 g5 13. a4 Nf6 14. Rc1 h5 15. c5 Kh7
16. cxd6 cxd6 17. Nb5 b6 18. Nc7 Rb8 19. Ba6 Bxa6 20. Nxa6 Rc8 21. Nd3 Qd7 22.
Qb3 g4 23. Qb5 gxf3 24. Qxd7 Nxd7 25. gxf3 Nc5 26. Naxc5 bxc5 27. Rc4 a5 28.
Rb1 Rg8 29. Kf1 Bf6 30. b3 Ng6 31. Ke2 Bh4 32. Rcc1 Rb8 33. Rg1 Bf6 34. Be1 Bd8
35. Bd2 Bb6 36. Rg5 Kh6 37. Rf5 Rbd8 38. Rf6 Rd7 39. Nb2 Bd8 40. Re6 Kh7 41.
Nc4 Nh4 42. Rf1 Be7 43. Nxa5 Rg7 44. Nc6 Bf8 45. Re8 Kg8 46. Rb8 Rg2+ 47. Rf2
Rdg7 48. Be1 Rxf2+ 49. Bxf2 Rg2 50. a5 Rxh2 51. a6 Ng6 52. a7 h4 53. a8=Q h3
54. Ne7+ Nxe7 55. Rxf8+ Kg7 56. Qe8 Ng6 57. Rg8+ Kh6 58. Qxg6# 1-0